Normal view
MARC view
- Verma A
Entry Personal Name
001 - CONTROL NUMBER
- control field: 117577
003 - CONTROL NUMBER IDENTIFIER
- control field: OSt
005 - DATE AND TIME OF LATEST TRANSACTION
- control field: 20230125045454.0
008 - FIXED-LENGTH DATA ELEMENTS
- fixed length control field: 230125|| aca||aabn | a|a d
040 ## - CATALOGING SOURCE
- Original cataloging agency: OSt
- Transcribing agency: OSt
100 ## - HEADING--PERSONAL NAME
- Personal name: Verma A
670 ## - SOURCE DATA FOUND
- Source citation: Work cat.: (OSt)95405: Verma A, International Financial Management, 2018